El ser y la nada / trad. por juan valmar

Guardado en:
Autor Principal: Sartre, Jean-paul
Otros Autores: Valmar, Juan, trad.
Formato: Libro
Publicado: Barcelona : Altaya, 1993
Materias:
Etiquetas: Agregar Etiqueta
Sin Etiquetas, Sea el primero en etiquetar este registro!
LEADER 00565nam a22001935a 4500
001 EHU.bham045126
003 AR-BHAM
005 20180327093837.0
008 130507s1993##################000#0#####d
020 |a 8448701194 
082 1 4 |a 149 
100 1 |a Sartre, Jean-paul 
245 1 0 |a El ser y la nada /  |b trad. por juan valmar  |c  Jean-paul Sartre : 
260 |a Barcelona :  |b Altaya,  |c 1993 
300 |a 648 p. 
653 |a Filosofía francesa 
653 |a Existencialismo 
700 1 |a Valmar, Juan, trad. 
859 |a AR-BHAM  |b BIB. HUMANIDADES - General  |h 149  |i Sa77-4  |p 37.18  |t Ej.1